000 00446nam a2200193Ia 4500
005 20240823023533.0
008 240823s9999||||xx |||||||||||||| ||und||
020 _a978-81-315-0513-7
041 _aENGLISH
082 _A511 P9
100 _a"Sipser,Michael"
245 0 _aTheory of Computation
250 _aIst
260 _c2009
_bCourse Techn
500 _aYES
650 _aComputation
_bMathematics
942 _cBK
999 _c181776
_d181776